Opportunistic infections : treatment and prophylaxis /

Bibliographic Details
Main Author: Georgiev, Vassil St
Format: Book
Language:English
Published: Totowa, N.J. : Humana Press, [2003]
Series:Infectious disease (Totowa, N.J.)
Subjects:

MARC

Tag First Indicator Second Indicator Subfields
LEADER 00000cam a22000004a 4500
001 in00004496243
005 20191203130951.0
008 020711s2003 nyua b 001 0 eng
010 |a  2002027646 
015 |a GBA2-T9445 
020 |a 1588290093 (alk. paper) 
035 |a (OCoLC)ocm50205644 
035 |z (UtOrBLW)34284 
035 |a 50453 
040 |a DLC  |c DLC  |d UKM  |d C#P  |d SBH  |d UtOrBLW 
042 |a pcc 
049 |a TMVM  |c 1 
050 0 0 |a RC112  |b .G45 2003 
082 0 0 |a 616.9/0479  |2 21 
096 |a WC 195  |b G352o 2003 
100 1 |a Georgiev, Vassil St. 
245 1 0 |a Opportunistic infections :  |b treatment and prophylaxis /  |c by Vassil St. Georgiev. 
264 1 |a Totowa, N.J. :  |b Humana Press,  |c [2003] 
264 4 |c ©2003 
300 |a xx, 545 pages :  |b illustrations ;  |c 26 cm. 
336 |a text  |2 rdacontent  |b txt 
337 |a unmediated  |2 rdamedia 
338 |a volume  |2 rdacarrier  |b nc 
490 1 |a Infectious disease 
504 |a Includes bibliographical references and index. 
505 0 |a Viral infections -- Bacterial infections -- Parasitic infections -- Fungal infections 
650 2 |a Opportunistic Infections  |x therapy. 
650 2 |a Opportunistic Infections  |x prevention & control. 
830 0 |a Infectious disease (Totowa, N.J.) 
999 |a MARS 
999 f f |s 44352768-a940-3762-9e97-d446ee0d687e  |i 7b973397-1eac-3fe0-b1e8-741600e643c0  |t 0 
952 f f |p ric  |a Texas A&M University  |b Rellis Campus  |c Joint Library Facility  |d Remote Storage  |t 0  |e WC 195 G352o 2003  |h National Library of Medicine classification  |i unmediated -- volume  |m 3238901742220 
998 f f |a WC 195 G352o 2003  |t 0  |l Remote Storage